F. V. Gobečija: Psichologičeskije faktory povedenija nesoveršennoletnich pravonarušitelej

Bibliographic Details
Main Authors: Machalová, Mária (Author), Gobečija, F. V. (Author)
Format: Article
Language:Slovak
Subjects:

MARC

LEADER 00000nab a2200000 a 4500
001 vtls000124140
003 SK-MaSNL
005 20260304045746.0
008 250422c1982 xo 0 slo
015 |a SNBRB19rr/mm-uuuuu 
035 |a CL0134245 
035 |a urn:nbn:sk:snk-ab2teh 
035 |a (urnnbn)urn:nbn:sk:snk:ar-a02wv5 
035 |a (uuid)1944c96b-8d6d-4c2a-a894-4d9aef729052 
040 |a SNKBUCL  |b slo  |c SNKBUCL  |e AACR2 
041 0 |a slo 
044 |a xo  |c SK 
080 |a 301.15  |2 1981 
080 |a 376  |2 1981 
100 1 |a Machalová, Mária  |4 aut  |9 6963 
245 1 0 |a F. V. Gobečija: Psichologičeskije faktory povedenija nesoveršennoletnich pravonarušitelej  |c Mária Machalová ; F. V. Gobečija 
650 0 7 |a mládež delikventná  |2 snkbucl  |9 958568 
655 7 |a články z novín a časopisov  |2 snkbucl  |9 267496 
700 1 |a Gobečija, F. V.  |4 aut  |9 1330359 
773 0 |t Psychológia a patopsychológia dieťaťa  |g Roč. 17, č. 2 (1982), s. 143-144 
787 0 8 |i Rec.:  |a Gobečija, F. V.  |t Psichologičeskije faktory povedenija nesoveršennoletnich pravonarušitelej  |d Tbilisi : Izd. Mencieroba, 1979 
850 |a Slovenská národná knižnica 
852 |a Slovenská národná knižnica 
954 |a odborná, vedecká literatúra pôvodná (slovenská)  |2 lita 
958 |a article2022 
958 |a RK 
958 |a RU 
958 |a OND 
958 |a EUIPO 
992 |a RBX 
999 |c 2694321  |d 2696251